| 000 | 00804nab a2200241 u 4500 | ||
|---|---|---|---|
| 001 | 17282 | ||
| 003 | HDC | ||
| 007 | cr bn ---aaaaa | ||
| 008 | 210223c20110816xx dr|noo 0 a eng d | ||
| 040 | _aHDC | ||
| 245 | 0 | _aMalaysia: Jakim Confirms 'Pure Creamery Butter-Golden Churn' Is Non-Halal | |
| 260 |
_a[No place] : _b[publisher not identified], _c2011 |
||
| 336 |
_atext _2rdacontent |
||
| 337 |
_acomputer _2rdamedia |
||
| 338 |
_aonline resource _2rdacarrier |
||
| 650 |
_aFood products _92068 |
||
| 650 |
_aHalal industry _9144 |
||
| 710 | _aHalal Focus | ||
| 856 | _zRequest full-text at [email protected] | ||
| 942 | _2lcc | ||
| 942 | _cNEWS | ||
| 942 | _kNWSO 005877 | ||
| 999 |
_c14598 _d14598 |
||